[Event "CZE-chT2E 1314"]
[Site "Czech Republic"]
[Date "2013.11.17"]
[Round "2.7"]
[White "Kredl, Karel"]
[Black "Uhmann, Jan Jr"]
[Result "1/2-1/2"]
[WhiteElo "2083"]
[BlackElo "2053"]
[PlyCount "85"]
[EventDate "2013.11.03"]
[EventType "team-tourn"]
[EventRounds "11"]
[EventCountry "CZE"]
[SourceTitle "EXT 2016"]
[Source "ChessBase"]
[SourceDate "2015.10.08"]
[SourceVersion "1"]
[SourceVersionDate "2015.10.08"]
[SourceQuality "1"]
[WhiteTeam "Brno Moravska Slavia"]
[BlackTeam "Brno Lokomotiva II"]
[WhiteTeamCountry "CZE"]
[BlackTeamCountry "CZE"]

1. d4 d5 2. c4 e6 3. Nf3 c6 4. Qc2 Nf6 5. g3 Bd6 6. Bg2 Nbd7 7. Nbd2 0-0 8. 0-0 e5 9. dxe5 Nxe5 10. Nxe5 Bxe5 11. Nf3 Bc7 12. Bg5 dxc4 13. Qxc4 Qd5 14. Qxd5 Nxd5 15. e4 Nb6 16. h3 f6 17. Bd2 Be6 18. b3 Rad8 19. Be3 Rd3 20. Nd4 Bc8 21. Rfd1 Rxd1+ 22. Rxd1 Rd8 23. Rd2 Kf7 24. Kf1 c5 25. Nf3 Rxd2 26. Nxd2 Nd7 27. f4 b5 28. Kf2 Bb7 29. Bf3 Bc6 30. Ke2 a5 31. Kd3 Bd6 32. h4 Nb6 33. e5 Bxf3 34. exd6 c4+ 35. bxc4 bxc4+ 36. Kd4 Be2 37. Kc5 Nd7+ 38. Kd4 Nb6 39. Kc5 Nd7+ 40. Kc6 Nb8+ 41. Kb7 Nd7 42. Kc6 Nb8+ 43. Kb7 1/2-1/2

[Event "Brno Trade op-A 37th"]
[Site "Brno"]
[Date "2012.09.02"]
[Round "9"]
[White "Uhmann, Jan Jr"]
[Black "Vechet, Stanislav"]
[Result "1-0"]
[WhiteElo "2039"]
[BlackElo "2207"]
[PlyCount "97"]
[EventDate "2012.08.26"]
[EventType "swiss"]
[EventRounds "9"]
[EventCountry "CZE"]
[SourceTitle "CBM 150 Extra"]
[Source "ChessBase"]
[SourceDate "2012.10.19"]
[SourceVersion "1"]
[SourceVersionDate "2012.10.19"]
[SourceQuality "1"]

1. e4 e5 2. Nf3 Nc6 3. d4 exd4 4. Nxd4 Bc5 5. Be3 Qf6 6. c3 Nge7 7. f4 Bxd4 8. cxd4 d5 9. e5 Qg6 10. Nc3 0-0 11. g3 Nb4 12. Rc1 Bf5 13. Kf2 Bc2 14. Qd2 Nd3+ 15. Bxd3 Bxd3 16. g4 Ba6 17. Rhg1 f5 18. g5 Qh5 19. Kg2 c6 20. Qd1 Qe8 21. h4 Qd7 22. h5 b6 23. Kh2 Qe6 24. Rg3 Rfc8 25. b4 Bc4 26. Bf2 a5 27. bxa5 Rxa5 28. Rb1 b5 29. a4 Rca8 30. axb5 cxb5 31. h6 g6 32. Be1 Nc6 33. Rg2 b4 34. Ne2 Rb5 35. Nc1 Ra3 36. Nb3 Qe7 37. Rgb2 Qa7 38. Nc5 Ra2 39. Qd2 Nxd4 40. Qxd4 Qxc5 41. Qxc5 Rxc5 42. Rxa2 Bxa2 43. Rxb4 Rc7 44. e6 Kf8 45. Ra4 Rc2+ 46. Kg3 Ke7 47. Ra7+ Kxe6 48. Rxh7 d4 49. Rg7 1-0

[Event "Brno Trade op-A 37th"]
[Site "Brno"]
[Date "2012.08.30"]
[Round "6"]
[White "Chmelicek, Bronislav"]
[Black "Uhmann, Jan Jr"]
[Result "1-0"]
[WhiteElo "1935"]
[BlackElo "2039"]
[PlyCount "153"]
[EventDate "2012.08.26"]
[EventType "swiss"]
[EventRounds "9"]
[EventCountry "CZE"]
[SourceTitle "CBM 150 Extra"]
[Source "ChessBase"]
[SourceDate "2012.10.19"]
[SourceVersion "1"]
[SourceVersionDate "2012.10.19"]
[SourceQuality "1"]

1. e4 e5 2. Nf3 Nc6 3. Bb5 Bc5 4. 0-0 Nf6 5. d3 d6 6. c3 0-0 7. Nbd2 Bg4 8. h3 Bh5 9. Qa4 Ne7 10. d4 exd4 11. cxd4 Bb6 12. e5 Nfd5 13. Re1 c6 14. Bf1 Re8 15. g4 Bg6 16. Nh4 Nf4 17. Ndf3 Ned5 18. Nxg6 hxg6 19. Bxf4 Nxf4 20. Re4 g5 21. Rae1 d5 22. R4e3 c5 23. dxc5 Bxc5 24. Rc3 Qb6 25. Qc2 Ne6 26. Rc1 Rac8 27. Nxg5 Nxg5 28. Rxc5 Rxc5 29. Qxc5 Qxb2 30. Qe3 f6 31. f4 d4 32. Qb3+ Qxb3 33. axb3 Nf3+ 34. Kf2 Nd2 35. Bb5 Re7 36. Ke2 Nxb3 37. Bc4+ Kh7 38. Bxb3 fxe5 39. f5 e4 40. g5 Re5 41. Be6 e3 42. Rc8 g6 43. Rc7+ Kh8 44. Rc8+ Kh7 45. Bg8+ Kh8 46. Bc4+ Kh7 47. fxg6+ Kxg6 48. h4 Ra5 49. Rg8+ Kh5 50. Rh8+ Kg6 51. Rh6+ Kg7 52. Rd6 b5 53. Rd5 Ra4 54. Bxb5 Ra2+ 55. Kf3 Rf2+ 56. Kg4 Rd2 57. Kh5 Rb2 58. Rd7+ Kf8 59. Bc4 Rc2 60. Rxd4 e2 61. Rf4+ Kg7 62. Rf7+ Kg8 63. Re7+ Rxc4 64. Rxe2 Rc6 65. Re7 a6 66. g6 a5 67. Kh6 Rc8 68. Ra7 a4 69. Rxa4 Kh8 70. h5 Kg8 71. Ra5 Kh8 72. Kg5 Rb8 73. h6 Rc8 74. Re5 Ra8 75. Kf6 Rf8+ 76. Ke7 Ra8 77. Rd5 1-0

[Event "Brno Trade op-A 37th"]
[Site "Brno"]
[Date "2012.08.29"]
[Round "5"]
[White "Uhmann, Jan Jr"]
[Black "Svizensky, Lubos"]
[Result "1-0"]
[WhiteElo "2039"]
[BlackElo "1893"]
[PlyCount "55"]
[EventDate "2012.08.26"]
[EventType "swiss"]
[EventRounds "9"]
[EventCountry "CZE"]
[SourceTitle "CBM 150 Extra"]
[Source "ChessBase"]
[SourceDate "2012.10.19"]
[SourceVersion "1"]
[SourceVersionDate "2012.10.19"]
[SourceQuality "1"]

1. e4 c6 2. d4 d5 3. e5 Bf5 4. Bd3 Bxd3 5. Qxd3 e6 6. Ne2 c5 7. c3 Nc6 8. 0-0 Nge7 9. Bg5 Qb6 10. Nd2 cxd4 11. cxd4 Nf5 12. Nb3 h5 13. Rac1 Be7 14. Bxe7 Kxe7 15. Rc5 Rac8 16. Rfc1 a6 17. Nf4 g6 18. Qd2 Rcd8 19. h3 h4 20. R1c3 a5 21. a4 Rd7 22. g4 hxg3 23. fxg3 Qb4 24. Nd3 Qxa4 25. Qg5+ Kf8 26. Rxa5 Nxa5 27. Rc8+ Kg7 28. Qf6+ 1-0

[Event "Brno Trade op-A 37th"]
[Site "Brno"]
[Date "2012.08.26"]
[Round "2"]
[White "Martisek, Karel"]
[Black "Uhmann, Jan Jr"]
[Result "1/2-1/2"]
[WhiteElo "1875"]
[BlackElo "2039"]
[PlyCount "122"]
[EventDate "2012.08.26"]
[EventType "swiss"]
[EventRounds "9"]
[EventCountry "CZE"]
[SourceTitle "CBM 150 Extra"]
[Source "ChessBase"]
[SourceDate "2012.10.19"]
[SourceVersion "1"]
[SourceVersionDate "2012.10.19"]
[SourceQuality "1"]

1. e4 e5 2. Nf3 Nc6 3. d4 exd4 4. Nxd4 Bc5 5. c3 Nf6 6. Nxc6 bxc6 7. Bd3 Qe7 8. 0-0 0-0 9. Qc2 d5 10. Bg5 dxe4 11. Bxf6 exd3 12. Bxe7 dxc2 13. Bxc5 cxb1Q 14. Raxb1 Rd8 15. Rbd1 Be6 16. b3 a5 17. Bd4 a4 18. Rb1 Bf5 19. Rb2 c5 20. Bxc5 a3 21. Re2 Bd3 22. Ree1 Bxf1 23. Kxf1 Rd3 24. Bd4 Rd2 25. Re2 Rb2 26. c4 Rb1+ 27. Re1 Rxe1+ 28. Kxe1 f6 29. Ke2 Kf7 30. Kd3 Ke6 31. b4 c6 32. Kc3 Kf5 33. b5 cxb5 34. cxb5 Ke4 35. Bc5 Kd5 36. Kb4 f5 37. g3 g5 38. Be3 g4 39. Bb6 h5 40. Bc5 Rb8 41. Ba7 Rb7 42. Be3 Rh7 43. Kxa3 Kc4 44. b6 Kb5 45. Kb3 Kc6 46. Kb4 h4 47. a4 hxg3 48. hxg3 Rh1 49. a5 Ra1 50. Bd2 Ra2 51. Bc3 Rxf2 52. a6 Re2 53. b7 Kc7 54. Kb5 f4 55. gxf4 g3 56. Bd4 g2 57. Ba7 Rb2+ 58. Kc4 Rb1 59. Kd5 g1Q 60. b8Q+ Rxb8 61. Bxg1 Rf8 1/2-1/2

[Event "Brno Duras op-A"]
[Site "Brno"]
[Date "2012.06.29"]
[Round "8"]
[White "Hofirek, Benedikt"]
[Black "Uhmann, Jan Jr"]
[Result "0-1"]
[WhiteElo "2041"]
[BlackElo "1995"]
[PlyCount "64"]
[EventDate "2012.06.23"]
[EventType "tourn"]
[EventRounds "9"]
[EventCountry "CZE"]
[SourceTitle "CBM 149 Extra"]
[Source "ChessBase"]
[SourceDate "2012.08.24"]
[SourceVersion "1"]
[SourceVersionDate "2012.08.24"]
[SourceQuality "1"]

1. d4 d5 2. c4 e6 3. Nc3 Nf6 4. cxd5 exd5 5. Bg5 Be7 6. e3 h6 7. Bh4 0-0 8. Nf3 Bg4 9. Qb3 Nbd7 10. Qxb7 Rb8 11. Qxa7 Rxb2 12. Bd3 Bb4 13. Rc1 g5 14. Nxg5 hxg5 15. Bxg5 Qa8 16. Qxa8 Rxa8 17. 0-0 Ra3 18. Nd1 Rd2 19. f3 Raxd3 20. fxg4 Ne4 21. Bf4 Rxa2 22. Rxc7 Ndf6 23. g5 Ng4 24. h3 Rdd2 25. hxg4 Rxg2+ 26. Kh1 Bd6 27. Bxd6 Nxd6 28. Rf2 Rgxf2 29. Nxf2 Rxf2 30. Rd7 Ne4 31. Rxd5 Nc3 32. Re5 Rf1+ 0-1